01595nam a2200193 a 4500020002700000020003000027082001200057100002000069245003700089250001200126260003600138300001400174520100100188650001401189856006301203942000701266999001501273952011301288 a0131000659 (hardcover) a9780131000650 (hardcover) a540 TRO1 aTro, Nivaldo J.10aChemistry : A molecular approach a1st ed. a[S.l.] :bPrentice Hall,c2006. a1081 p. ; aFor two-semester or three-quarter courses in General Chemistry.   The author’s goal in writing this book is to deliver the depth of coverage faculty want with the accessibility and clarity that students need for success.  Nivaldo J. Tro’s Chemistry: A Molecular Approach explains difficult chemical concepts in a concise and clear student-centered manner while also providing faculty with the flexibility to go more deeply into many key, often neglected topics, such as electron diffraction, molecular orbital theory, and free-energy changes under non-standard conditions.  Chemistry is presented visually throughmulti-level images (macroscopic, molecular and symbolic representations), which helps students see the connections among the formulas (symbolic), the world around them (macroscopic), and the atoms and molecules that make up the world (molecular).  Every aspect of this book focuses students on recognizing that the behavior of matter is based on the behavior of atoms and mol achemistry uhttp://www.amazon.com/exec/obidos/ASIN/0131000659/chopacon cBK c1217d1217 0010708NFICaICbICcGENd2015-06-20l1o540 TROp004611r2020-01-21 00:00:00s2019-11-08w2015-06-20yREF